| 000 | 00472cam a2200205ua 4500 | ||
|---|---|---|---|
| 001 | 4340 | ||
| 005 | 20260515113822.0 | ||
| 008 | 111223n ii |||gr||||Z||||||asm | ||
| 020 | _a81-7339-058-4 | ||
| 040 | _cMAIN | ||
| 082 | _a891.4513 | ||
| 100 | 1 | _aBaruah, Bikash, | |
| 245 | 1 | 1 |
_aDhisum _cby Bikash Baruah |
| 250 | _a1st. | ||
| 260 |
_aDibrugarh: _bBanalata,994. |
||
| 300 |
_a172p: _c23cm. |
||
| 653 | _aAssamese short stories | ||
| 653 | _aDhisum | ||
| 942 | _cBK | ||
| 999 |
_c4152 _d4152 |
||